El amigo del novio. Juan el Bautista: historia y teología.
Guardado en:
| Autor principal: | |
|---|---|
| Formato: | Desconocido |
| Lenguaje: | inglés |
| Publicado: |
Navarra, España:
Verbo Divino (EVD),
2019.
|
| Colección: | Estudios bíblicos,
|
| Materias: | |
| Etiquetas: |
Agregar Etiqueta
Sin Etiquetas, Sea el primero en etiquetar este registro!
|
MARC
| LEADER | 00000 a2200000 4500 | ||
|---|---|---|---|
| 003 | CL-VaPUC | ||
| 005 | 20231123120507.0 | ||
| 008 | 231115t2019 ||||| |||| 00| 0 eng d | ||
| 999 | |c 442393 |d 442391 | ||
| 020 | |a 978-84-9073-515-2 | ||
| 040 | |c Pontificia Universidad Católica de Valparaíso | ||
| 082 | |2 22 |a 921.22 MAR 2019 | ||
| 100 | |a Martínez Rivera, Roberto |9 885672 |e autor | ||
| 245 | |a El amigo del novio. |b Juan el Bautista: historia y teología. | ||
| 260 | |a Navarra, España: |b Verbo Divino (EVD), |c 2019. | ||
| 300 | |a 381 páginas. | ||
| 490 | |a Estudios bíblicos, |n 70. | ||
| 583 | |k GC |c 20231115 | ||
| 600 | 0 | |9 885926 |a Juan Bautista, Santo |x Biblia (Nuevo Testamento) |v Biografías |v Aspectos históricos | |
| 942 | |2 ddc |c BK | ||
| 952 | |0 0 |1 0 |2 ddc |4 0 |6 921_220000000000000_MAR_2019 |7 0 |8 A |9 592460 |a BIBTEO |b BIBTEO |d 2023-11-10 |e 8 |g 22401.00 |i 5659468 |o 921.22 MAR 2019 |p 5659468 |r 2025-01-17 |t 1 |v 22401.00 |w 2023-11-10 |y BK |k ICR | ||